<?xml version="1.0" encoding="UTF-8"?>
<record
    xmlns:xsi="http://www.w3.org/2001/XMLSchema-instance"
    xsi:schemaLocation="http://www.loc.gov/MARC21/slim http://www.loc.gov/standards/marcxml/schema/MARC21slim.xsd"
    xmlns="http://www.loc.gov/MARC21/slim">

  <leader>00753nam a2200205   4500</leader>
  <controlfield tag="005">20240530110933.0</controlfield>
  <controlfield tag="008">220911s2007    ua ba  g      000 0 ara d</controlfield>
  <datafield tag="017" ind1=" " ind2=" ">
    <subfield code="a">2005/11/2790</subfield>
    <subfield code="b">&#x639;&#x645;&#x627;&#x646;. &#x62F;&#x627;&#x626;&#x631;&#x647; &#x627;&#x644;&#x645;&#x643;&#x62A;&#x628;&#x647; &#x627;&#x644;&#x648;&#x637;&#x646;&#x64A;&#x647; </subfield>
  </datafield>
  <datafield tag="040" ind1=" " ind2=" ">
    <subfield code="a">EG-CaGPL</subfield>
    <subfield code="c">EG-CaGPL</subfield>
  </datafield>
  <datafield tag="082" ind1=" " ind2=" ">
    <subfield code="2">21</subfield>
    <subfield code="a"> 910.02</subfield>
    <subfield code="b">&#x645; &#x62C;</subfield>
  </datafield>
  <datafield tag="100" ind1="0" ind2=" ">
    <subfield code="a">&#x645;&#x62D;&#x645;&#x648;&#x62F; &#x641;&#x648;&#x632;&#x649; &#x62D;&#x644;&#x648;&#x629;</subfield>
  </datafield>
  <datafield tag="245" ind1="1" ind2="0">
    <subfield code="a">&#x62C;&#x63A;&#x631;&#x627;&#x641;&#x64A;&#x627; &#x627;&#x644;&#x645;&#x62F;&#x646; /</subfield>
    <subfield code="c">&#x645;&#x62D;&#x645;&#x648;&#x62F; &#x641;&#x648;&#x632;&#x649; &#x62D;&#x644;&#x648;&#x629;</subfield>
  </datafield>
  <datafield tag="250" ind1=" " ind2=" ">
    <subfield code="a">&#x637;. 1</subfield>
  </datafield>
  <datafield tag="260" ind1=" " ind2=" ">
    <subfield code="a">&#x639;&#x645;&#x627;&#x646; :</subfield>
    <subfield code="b">&#x645;&#x643;&#x62A;&#x628;&#x629; &#x627;&#x644;&#x645;&#x62C;&#x62A;&#x645;&#x639; &#x627;&#x644;&#x639;&#x631;&#x628;&#x649; &#x644;&#x644;&#x646;&#x634;&#x631; &#x648;&#x627;&#x644;&#x62A;&#x648;&#x632;&#x64A;&#x639;&#x60C;</subfield>
    <subfield code="c">2007</subfield>
  </datafield>
  <datafield tag="300" ind1=" " ind2=" ">
    <subfield code="a">220 &#x635;. :</subfield>
    <subfield code="b">&#x635;&#x648;&#x631; &#x648;&#x62E;&#x631;&#x627;&#x626;&#x637;. &#x61B;</subfield>
    <subfield code="c">24 &#x633;&#x645; </subfield>
  </datafield>
  <datafield tag="650" ind1=" " ind2=" ">
    <subfield code="2">qrmak</subfield>
  </datafield>
  <datafield tag="651" ind1="0" ind2="7">
    <subfield code="2">qrmak</subfield>
    <subfield code="a">&#x627;&#x644;&#x633;&#x639;&#x648;&#x62F;&#x64A;&#x647;</subfield>
    <subfield code="z">&#x62C;&#x63A;&#x631;&#x627;&#x641;&#x64A;&#x627; </subfield>
  </datafield>
  <datafield tag="942" ind1=" " ind2=" ">
    <subfield code="2">ddc</subfield>
    <subfield code="c">BK</subfield>
  </datafield>
  <datafield tag="999" ind1=" " ind2=" ">
    <subfield code="c">66681</subfield>
    <subfield code="d">66681</subfield>
  </datafield>
  <datafield tag="952" ind1=" " ind2=" ">
    <subfield code="0">0</subfield>
    <subfield code="1">0</subfield>
    <subfield code="4">0</subfield>
    <subfield code="7">0</subfield>
    <subfield code="a">CAI</subfield>
    <subfield code="b">CAI</subfield>
    <subfield code="c">&#x627;&#x644;&#x62A;&#x627;&#x631;&#x64A;&#x62E; &#x648;&#x627;&#x644;&#x62C;&#x63A;&#x631;&#x627;&#x641;&#x64A;&#x627;-&#x639;&#x631;&#x628;&#x649;</subfield>
    <subfield code="d">2022-09-11</subfield>
    <subfield code="l">0</subfield>
    <subfield code="o"> 910.02\&#x645; &#x62C;</subfield>
    <subfield code="p">168418</subfield>
    <subfield code="r">2022-09-11 00:00:00</subfield>
    <subfield code="w">2022-09-11</subfield>
    <subfield code="y">BK</subfield>
  </datafield>
</record>
